Judaismo y civilización (Record no. 9945)

MARC details
000 -CABECERA
campo de control de longitud fija 00721nam a2200241 a 4500
001 - NÚMERO DE CONTROL
campo de control BRL_1133
005 - FECHA Y HORA DE LA ÚLTIMA TRANSACCIÓN
campo de control 20190320211041.0
008 - DATOS DE LONGITUD FIJA--INFORMACIÓN GENERAL
campo de control de longitud fija 141113c1973----mx-#######---#000-0#spa-#
041 ## - CÓDIGO DE LENGUA
Código de lengua del texto/banda sonora o título independiente spa
044 ## - CÓDIGO DEL PAÍS DE LA ENTIDAD EDITORA/PRODUCTORA
Código MARC del país mx
050 #4 - SIGNATURA TOPOGRÁFICA DE LA BIBLIOTECA DEL CONGRESO
Número de clasificación BM565
Número de documento/Ítem .B83 1973
100 1# - ENTRADA PRINCIPAL--NOMBRE DE PERSONA
Nombre de persona Buber, Martín
Fechas asociadas al nombre 1878-1975
9 (RLIN) 25883
245 10 - MENCIÓN DE TÍTULO
Título Judaismo y civilización
Mención de responsabilidad, etc. Martin Buber ; prólogo de Sergio Nudelstejer B.
260 ## - PUBLICACIÓN, DISTRIBUCIÓN, ETC.
Lugar de publicación, distribución, etc. México
Nombre del editor, distribuidor, etc. Tribuna
Fecha de publicación, distribución, etc. 1973
300 ## - DESCRIPCIÓN FÍSICA
Extensión 45 p.
Dimensiones 21 cm.
440 #0 - MENCIÓN DE SERIE/PUNTO DE ACCESO ADICIONAL--TÍTULO
Título Colección Mundo contemporáneo
9 (RLIN) 22911
500 ## - NOTA GENERAL
Nota general Traducción de: At the turning - three addresses on judaism
500 ## - NOTA GENERAL
Nota general Au1333
650 14 - PUNTO DE ACCESO ADICIONAL DE MATERIA--TÉRMINO DE MATERIA
Término de materia o nombre geográfico como elemento de entrada Judaísmo
9 (RLIN) 24417
700 1# - PUNTO DE ACCESO ADICIONAL--NOMBRE DE PERSONA
Nombre de persona Nudelstejer B., Sergio
Término indicativo de función/relación pról.
9 (RLIN) 25884
902 ## - CATALOGADOR
Iniciales GRL
942 ## - ELEMENTOS DE PUNTO DE ACCESO ADICIONAL (KOHA)
Fuente del sistema de clasificación o colocación Library of Congress Classification
Tipo de ítem Koha Libros
Holdings
Estado de retiro Estado de pérdida Estado dañado No para préstamo Localización permanente Ubicación/localización actual Fecha de adquisición Número de inventario Total de préstamos Signatura topográfica completa Código de barras Fecha visto por última vez Precio válido a partir de Tipo de ítem Koha
El ejemplar forma parte de la colección y puede ser consultado según las políticas vigentes.       Biblioteca Centro de Estudios Ruth D. Lechuga Biblioteca Centro de Estudios Ruth D. Lechuga 14/11/2013 Au1333   BM565 .B83 1973 (Au1333) GRL01247 22/03/2019 22/03/2019 Libros